000 01207cam a2200277 4500
999 _c2678
_d2678
003 OSt
005 20220630093959.0
008 210716b ||||| |||| 00| 0 eng d
020 _a-
040 _cALUPE UNIVERSITY
050 _aRD32
_b.Z65 1961
100 1 _aZollinger, Robert M.,
_d1903-1992.
_0http://id.loc.gov/authorities/names/n50015016
245 1 0 _aAtlas of surgical operations /
_cby Robert M. Zollinger & Elliot C. Cutler; illustrations by Carol M. Woike
250 _a3rd ed.
260 _aNew York :
_bMacmillan,
_cc1961-67.
300 _a2 v. :
_bill. ;
_c38 cm.
500 _aIn the earlier eds. Cutler's name appeared first on the title page.
500 _aVol. 2, "designed to complement Zollinger-Cutler's Atlas".
650 2 _aSurgical Procedures, Operative.
_0https://id.nlm.nih.gov/mesh/D013514
655 2 _0https://id.nlm.nih.gov/mesh/D020466
700 1 _aCutler, Elliott Carr,
_d1888-1947.
_0http://id.loc.gov/authorities/names/n88110709
700 1 _aCodding, Mildred B.
_0http://id.loc.gov/authorities/names/n82046975
700 1 _aZollinger, Robert Milton,
_cJr.,
_d1934-
_0http://id.loc.gov/authorities/names/n83009803
700 1 _aWoike, Carold M.
942 _2lcc
_cREF
_nJO